00504nam a2200169 a 4500008004100000020001500041050001500056100001600071245010100087250001200188260004200200300002200242350000900264650001400273650002900287700001800316120416s1982 ||||||||||||||||| || u a0297781812 aHC 256 Uni aPrest, A. R14aThe UK economy: a manual of applied economics (9th ed.)cedited by A. R. Prest and D. J. Coppock a9th ed. aLondon:bWedenfeld and Nicolsonc1982 axvi, 336p. : ill. a0.00 0aECONOMICS aECONOMICS--GREAT BRITAIN aCoppock, D. J